000 00372nam a2200145Ia 4500
005 20260328104332.0
008 260328s9999||||xx |||||||||||||| ||und||
100 _aStanford, Anderson
245 0 _aCalles, Problemas de Estructura Y DiseƱo /
_cAnderson Stanford
250 _aOriginal
260 _bGustavo Gili
300 _a407 p.
650 _aCALLES
942 _cBK
999 _c11749
_d11749